Spanish vocab week 10 - Statistics

General Stats
  • This quiz has been taken 9 times
  • The average score is 16 of 70
Answer Stats
Hint Answer % Correct
advance el avance
100%
right el derecho
100%
old fashioned anticuado
50%
part time a tiempo parcial
50%
unequal desigual
50%
domestic doméstico
50%
husband el cónyuge
50%
duty el deber
50%
teacher el maestro
50%
suffrage/vote el sufragio
50%
to fail fracasar
50%
unfair injusto
50%
absence la ausencia
50%
middle classes la burguesía
50%
capacity/ability la capacidad
50%
dictatorship la dictadura
50%
emancipation/liberation la emancipación
50%
factory la fábrica
50%
equality la igualdad
50%
inferiority la inferioridad
50%
legislation la legislación
50%
freedom la libertad
50%
militancy la militancia
50%
resonance la resonancia
50%
safety la seguridad
50%
subordination la subordinación
50%
superiority la superioridad
50%
passive pasivo
50%
own propio
50%
full time a tiempo completo
0%
to give/ concede conceder
0%
to sew coser
0%
to rear/ raise a child criar
0%
leader dirigente
0%
discriminate against discriminar a
0%
trainee el aprendiz
0%
licentiousness el libertinaje
0%
matriarchy el matriarcado
0%
patriarchy el patriarcado
0%
regime el régimen
0%
to demand exigir
0%
egalitarian igualitario
0%
to undervalue infravalorar
0%
to judge juzgar
0%
citizenship la ciudadanía
0%
complement/accessory la complemento
0%
dressmaking la confección
0%
cohabitation la convivencia
0%
demand la demanda
0%
female la hembra
0%
work day la jornada
0%
rules la normativa
0%
equality la paridad
0%
segregation la segregación
0%
awareness raising la sensibilización
0%
valuation/ assessment la valoración
0%
voting la votación
0%
sexist/chauvinist machista
0%
to look down on menospreciar
0%
to force obligar
0%
to hold up/block obstaculizar
0%
western occidental
0%
pleasant placentero
0%
to bring up/set out plantear
0%
to complain rechistar
0%
obligatory reglamentario
0%
to return regresar
0%
to witness ser testigo de
0%
to triumph triunfar
0%
to monitor/watch out vigilar
0%
No matching quizzes found
Score Distribution
Percent of People with Each Score
Percentile by Number Answered
Your Score History
You have not taken this quiz